Аудит второй стороны; Стандарты и качество; № 8

গ্রন্থ-পঞ্জীর বিবরন
Parent link:Стандарты и качество: научно-технический журнал/ Российская Федерация, Государственный комитет по стандартизации и метрологии (Госстандарт России).— , 1980-.— 0038-9692
№ 8.— 2004.— С. 68-69
প্রধান লেখক: Подольский М.
ভাষা:রুশ
প্রকাশিত: 2004
মালা:Качество: национальная программа
বিষয়গুলি:
বিন্যাস: গ্রন্থের অধ্যায়
KOHA link:https://koha.lib.tpu.ru/cgi-bin/koha/opac-detail.pl?biblionumber=459685

MARC

LEADER 00000naa2a2200000 4500
001 459685
005 20231101085148.0
035 |a (RuTPU)RU\TPU\prd\123482 
035 |a RU\TPU\prd\29265 
090 |a 459685 
100 |a 20111024a2004 k y0rusy50 ca 
101 0 |a rus 
102 |a RU 
200 1 |a Аудит второй стороны  |f М. Подольский 
225 1 |a Качество: национальная программа 
461 1 |0 (RuTPU)RU\TPU\prd\992  |x 0038-9692  |t Стандарты и качество  |o научно-технический журнал  |f Российская Федерация, Государственный комитет по стандартизации и метрологии (Госстандарт России)  |d 1980- 
463 1 |0 (RuTPU)RU\TPU\prd\123469  |t № 8  |v С. 68-69  |d 2004 
610 1 |a строительные комплексы 
610 1 |a качество 
610 1 |a аудит второй стороны 
610 1 |a строительные организации 
700 1 |a Подольский  |b М. 
801 1 |a RU  |b 63413507  |c 20041026  |g PSBO 
801 2 |a RU  |b 63413507  |c 20111024  |g RCR 
942 |c BK